Science and Technology/ (Record no. 206775)

MARC details
000 -LEADER
fixed length control field 00671nam a22002057a 4500
005 - DATE AND TIME OF LATEST TRANSACTION
control field 20241025155753.0
010 ## - LCCN (DPL NO)
LC control number ENG-142443
020 ## - INTERNATIONAL STANDARD BOOK NUMBER
International Standard Book Number 9789357055772
Terms of availability 430.00
035 ## - SYSTEM CONTROL NUMBER
System control number EN-125975
037 ## - SOURCE OF ACQUISITION
Source of stock number/acquisition DBAD
082 ## - DEWEY DECIMAL CLASSIFICATION NUMBER
Edition number 1
Classification number 509
100 ## - MAIN ENTRY--PERSONAL NAME
Personal name Chandra, Naveen Kumar
245 ## - TITLE STATEMENT
Title Science and Technology/
Statement of responsibility, etc By Naveen Kumar Chandra
250 ## - EDITION STATEMENT
Edition statement 1
260 ## - PUBLICATION, DISTRIBUTION, ETC. (IMPRINT)
Place of publication, distribution, etc Noida
Name of publisher, distributor, etc Pearson India Education
Date of publication, distribution, etc 2024
270 ## - ADDRESS
Address 15th floor, Tower- B, World Trade Tower, plot No.1, Block -C, Sector-16, Noida,
City Uttar Pradesh
Postal code 201301
300 ## - PHYSICAL DESCRIPTION
Extent vpp.
Dimensions 23cm(pb)
500 ## - GENERAL NOTE
General note For UPSC and State Civil State Examination
942 ## - ADDED ENTRY ELEMENTS (KOHA)
Source of classification or shelving scheme Dewey Decimal Classification
Item type English Books
Classification part 509
Call number suffix CHA
Edition 1
Holdings
Withdrawn status Lost status Not for loan Collection code Home library Current library Date acquired Source of acquisition Cost, normal purchase price Full call number Barcode Copy number Cost, replacement price Koha item type
      Non-fiction Central Jail Tihar Central Jail Tihar 25/10/2024 Delivery of Books Act Division 430.00 509 CHA EN-125975 1 430.00 English Books

© Delhi Public Library
Hit Counter
free hit counter